[Event "29th 4NCL Congress"]
[Site "Harrogate"]
[Date "2023.01.22"]
[Round "4"]
[Board "24"]
[White "Bridgeman, Niamh"]
[Black "Mosnegutu, Klauss"]
[Result "0-1"]
[WhiteElo "1977"]
[BlackElo "2220"]
[PlyCount "64"]
[EventDate "2023.01.20"]
[EventRounds "5"]
[EventCountry "ENG"]

1. d4 Nf6 2. Nf3 e6 3. e3 b6 4. Bd3 Bb7 5. b3 Bb4+ 6. c3 Be7 7. Bb2 d5 8. O-O O-O
9. Nbd2 Ne4 10. Qe2 f5 11. Ne5 Bd6 12. f4 Nd7 13. c4 c5 14. cxd5 exd5 15. Bxe4 fxe4
16. Nxe4 Bxe5 17. dxe5 dxe4 18. Rad1 Qe7 19. Qc4+ Kh8 20. e6 Rf6 21. Bxf6 Qxf6 22.
Rxd7 Bc6 23. Rd6 Rc8 24. Rfd1 h6 25. b4 Ba4 26. R1d5 cxb4 27. Qxb4 Rc1+ 28. Kf2 Qh4+
29. Ke2 Qxh2 30. Qxe4 Qg1 31. e7 Qf1+ 32. Kd2 Qd1#  0-1

[Event "29th 4NCL Congress"]
[Site "Harrogate"]
[Date "2023.01.22"]
[Round "4"]
[Board "25"]
[White "Garnett, John S"]
[Black "Brencher, Paul"]
[Result "1/2-1/2"]
[WhiteElo "1945"]
[BlackElo "2033"]
[PlyCount "59"]
[EventDate "2023.01.20"]
[EventRounds "5"]
[EventCountry "ENG"]

1. d4 e6 2. Nf3 Nf6 3. Bg5 Be7 4. c4 d5 5. Nc3 O-O 6. e3 h6 7. Bf4 a6 8. Bd3 dxc4
9. Bxc4 b5 10. Bd3 Bb7 11. O-O Nbd7 12. Rc1 c5 13. dxc5 Nxc5 14. Be2 b4 15. Qxd8
Rfxd8 16. Nb1 Rac8 17. Rfd1 Nd5 18. Be5 f6 19. Bg3 Ne4 20. Nd4 Nxg3 21. hxg3 e5 22.
Nb3 Rxc1 23. Rxc1 Rc8 24. Rxc8+ Bxc8 25. Bc4 Be6 26. Bxa6 Nb6 27. N1d2 Kf8 28. Kf1
Na4 29. Nc4 Bd7 30. Ke1  1/2-1/2

[Event "29th 4NCL Congress"]
[Site "Harrogate"]
[Date "2023.01.22"]
[Round "4"]
[Board "26"]
[White "Holliday, John K"]
[Black "Hilton, Tim"]
[Result "0-1"]
[WhiteElo "1730"]
[BlackElo "2006"]
[PlyCount "76"]
[EventDate "2023.01.20"]
[EventRounds "5"]
[EventCountry "ENG"]

1. e4 e6 2. d4 d5 3. Nd2 Nc6 4. Ngf3 Nf6 5. e5 Nd7 6. c3 f6 7. Bb5 a6 8. Bxc6 bxc6
9. O-O c5 10. Re1 fxe5 11. Nxe5 Nxe5 12. dxe5 Bd7 13. f4 Be7 14. Qg4 O-O 15. Nb3
a5 16. Be3 c4 17. Nd4 Ra6 18. Rf1 c5 19. Nf3 Rb6 20. Rab1 Be8 21. Ng5 Qd7 22. Rf2
Bg6 23. Rbf1 d4 24. cxd4 cxd4 25. Bxd4 Qxd4 26. Nxe6 Qd7 27. f5 Rxe6 28. fxe6 Qa7
29. Qxc4 Kh8 30. Kh1 Qxf2 31. Rxf2 Rxf2 32. Kg1 Rc2 33. Qb3 h6 34. Qb7 Bc5+ 35. Kf1
Bd3+ 36. Ke1 Bb4+ 37. Kd1 Rd2+ 38. Kc1 Re2  0-1

[Event "29th 4NCL Congress"]
[Site "Harrogate"]
[Date "2023.01.22"]
[Round "4"]
[Board "27"]
[White "Thomson, Neil"]
[Black "Srivastava, Aditya"]
[Result "1-0"]
[WhiteElo "2042"]
[BlackElo "1599"]
[PlyCount "75"]
[EventDate "2023.01.20"]
[EventRounds "5"]
[EventCountry "ENG"]

1. e4 d6 2. d4 Nf6 3. Nc3 g6 4. Be3 c6 5. Qd2 b5 6. Bd3 Nbd7 7. Nf3 Nb6 8. b3 Qc7
9. h3 e5 10. dxe5 dxe5 11. O-O Be6 12. Ng5 Bg7 13. Nxe6 fxe6 14. Ne2 O-O 15. Ng3
Rad8 16. h4 c5 17. Qc3 c4 18. a4 b4 19. Bxb6 Qxb6 20. Qxc4 a5 21. Qb5 Qd4 22. Ne2
Qa7 23. Qxe5 Kh8 24. Rad1 Ng4 25. Qg3 h5 26. Nf4 Qf7 27. Nh3 Bd4 28. Rd2 Qa7 29.
Kh1 Rf6 30. Be2 Ne5 31. f4 Rdf8 32. Rfd1 Nc6 33. e5 Bf2 34. Nxf2 Rxf4 35. Nh3 R4f7
36. Qxg6 Qe3 37. Ng5 Rg7 38. Qh6+  1-0

[Event "29th 4NCL Congress"]
[Site "Harrogate"]
[Date "2023.01.22"]
[Round "5"]
[Board "2"]
[White "Jones, Steven A"]
[Black "Nicholson, Jim W R"]
[Result "1-0"]
[WhiteElo "2291"]
[BlackElo "2033"]
[PlyCount "103"]
[EventDate "2023.01.20"]
[EventRounds "5"]
[EventCountry "ENG"]

1. e4 c6 2. d4 d5 3. e5 c5 4. dxc5 e6 5. a3 Bxc5 6. Nf3 Nc6 7. b4 Be7 8. Bb2 a6 9.
c4 dxc4 10. Qxd8+ Bxd8 11. Bxc4 b5 12. Bd3 Bb7 13. Nbd2 Nge7 14. Ne4 O-O 15. Nd6
Bc8 16. Rc1 Bd7 17. O-O Nd5 18. Be4 h6 19. Bxd5 exd5 20. Rfd1 Ne7 21. Bd4 Be6 22.
Bc5 Kh7 23. Nd4 Rg8 24. f4 g6 25. h3 Nf5 26. N6xf5 gxf5 27. Rd3 Bd7 28. Kh2 Rb8 29.
Nb3 Be6 30. Bd4 Ra8 31. Rc6 Rg6 32. Rg3 Rxg3 33. Kxg3 a5 34. Bc5 axb4 35. Bxb4 Rc8
36. Rxc8 Bxc8 37. Kf2 Bb6+ 38. Bc5 Bc7 39. Ke3 Kg6 40. Kd4 Be6 41. g3 h5 42. h4 Bb8
43. Kc3 f6 44. exf6 Kxf6 45. Nd4 Bd7 46. Kb4 Bc7 47. Nxb5 Bb8 48. a4 Bc8 49. a5 Ba6
50. Bb6 Ke7 51. Kc5 Bb7 52. Bc7  1-0

[Event "29th 4NCL Congress"]
[Site "Harrogate"]
[Date "2023.01.22"]
[Round "5"]
[Board "3"]
[White "Burrows, Martin P"]
[Black "Arkell, Keith C"]
[Result "0-1"]
[WhiteElo "2183"]
[BlackElo "2509"]
[PlyCount "134"]
[EventDate "2023.01.20"]
[EventRounds "5"]
[EventCountry "ENG"]

1. e4 d5 2. exd5 Qxd5 3. Nc3 Qd8 4. d4 Nf6 5. Nf3 g6 6. Bc4 Bg7 7. Ne5 O-O 8. Be3
Nbd7 9. Qe2 Nb6 10. Bb3 a5 11. a3 a4 12. Ba2 c6 13. O-O Nbd5 14. Bd2 Bf5 15. Rac1
Qb6 16. Nxd5 Nxd5 17. Bxd5 cxd5 18. Bc3 Bh6 19. Rcd1 Qa6 20. Nd3 Rfe8 21. Rfe1 Bg7
22. h3 Rac8 23. Qe3 Bxd3 24. Rxd3 e6 25. Qf4 Qb5 26. Rf3 Qd7 27. h4 Rc4 28. Qd2 h5
29. b3 Rc6 30. Bb4 Rec8 31. c3 axb3 32. Qb2 Rc4 33. Qxb3 Qc7 34. g3 Bf8 35. Ree3
Ra8 36. Re1 Rc6 37. Rb1 Bxb4 38. axb4 Rca6 39. Qd1 Qc4 40. Qf1 Qxf1+ 41. Kxf1 Ra2
42. Re1 Rc2 43. Kg2 Kg7 44. Ree3 Ra1 45. Rf4 Rcc1 46. Kh2 b6 47. Kg2 Ra7 48. Kh2
Rc7 49. Rff3 Rc6 50. Kg2 Kf8 51. Kh2 Ke7 52. Kg2 Rc7 53. Kh2 Kd6 54. Rf4 Ra7 55.
Kg2 Ke7 56. Kh2 Raa1 57. Kg2 f6 58. g4 hxg4 59. Rxg4 f5 60. Rf4 Kf6 61. Rg3 Rg1+
62. Kf3 Rge1 63. Kg2 Rac1 64. Kh2 Rh1+ 65. Kg2 Rhg1+ 66. Kh2 Rxg3 67. fxg3 Rc2+  0-1

[Event "29th 4NCL Congress"]
[Site "Harrogate"]
[Date "2023.01.22"]
[Round "5"]
[Board "4"]
[White "Southcott-Moyers, Indy"]
[Black "Wells, Peter K"]
[Result "1/2-1/2"]
[WhiteElo "2139"]
[BlackElo "2402"]
[PlyCount "86"]
[EventDate "2023.01.20"]
[EventRounds "5"]
[EventCountry "ENG"]

1. d4 Nf6 2. c4 e6 3. Nf3 d5 4. Nc3 c6 5. cxd5 exd5 6. Bg5 h6 7. Bh4 Bf5 8. e3 Nbd7
9. Bd3 Bxd3 10. Qxd3 Be7 11. O-O O-O 12. Rab1 a5 13. Qc2 Re8 14. Rfc1 Nb6 15. Ne5
Nfd7 16. Bxe7 Rxe7 17. Nxd7 Qxd7 18. b3 Rae8 19. Na4 Nxa4 20. bxa4 f5 21. Qd2 f4
22. exf4 Qf5 23. g3 g5 24. Rb2 gxf4 25. Qxf4 Qxf4 26. gxf4 Rf8 27. Rcb1 Rxf4 28.
Rxb7 Rxb7 29. Rxb7 Rxd4 30. Rc7 Rc4 31. f4 c5 32. Kg2 Rc3 33. Kf2 d4 34. Ke2 Rc2+
35. Kd3 Rxa2 36. Rxc5 Rxa4 37. Rc7 Rb4 38. Ra7 a4 39. f5 Kf8 40. f6 Rb6 41. Rxa4
Rxf6 42. Rxd4 Rf3+ 43. Ke2 Rh3  1/2-1/2

[Event "29th 4NCL Congress"]
[Site "Harrogate"]
[Date "2023.01.22"]
[Round "5"]
[Board "5"]
[White "Burnett, Andrew"]
[Black "Varley, Joe"]
[Result "0-1"]
[WhiteElo "2247"]
[BlackElo "2024"]
[PlyCount "84"]
[EventDate "2023.01.20"]
[EventRounds "5"]
[EventCountry "ENG"]

1. d4 Nf6 2. c4 g6 3. Nc3 d5 4. Nf3 Bg7 5. h4 c6 6. cxd5 cxd5 7. Bf4 Nc6 8. e3 O-O
9. Rc1 Bg4 10. Be2 Rc8 11. O-O h6 12. Ne5 Bxe2 13. Qxe2 e6 14. Nxc6 Rxc6 15. Na4
Rxc1 16. Rxc1 Nh5 17. Bh2 Qxh4 18. Rc7 e5 19. Nc3 exd4 20. Nxd5 Qe4 21. Qc4 Qb1+
22. Qc1 Qxa2 23. e4 d3 24. Rxb7 d2 25. Qd1 Bxb2 26. Bd6 Bd4 27. Bxf8 Kxf8 28. Rb4
Be5 29. Ra4 Qb2 30. Rc4 Nf4 31. Rc2 Ne2+ 32. Kh1 Qd4 33. Rxd2 Qxe4 34. Rd3 Qh4+ 35.
Rh3 Qxf2 36. Rf3 Qh4+ 37. Rh3 Ng3+ 38. Kh2 Ne4+ 39. Kg1 Qf2+ 40. Kh1 Ng3+ 41. Kh2
Nf1+ 42. Kh1 Bd4  0-1

[Event "29th 4NCL Congress"]
[Site "Harrogate"]
[Date "2023.01.22"]
[Round "5"]
[Board "6"]
[White "Surtees, Mike J"]
[Black "Wall, Tim P"]
[Result "0-1"]
[WhiteElo "2138"]
[BlackElo "2337"]
[PlyCount "68"]
[EventDate "2023.01.20"]
[EventRounds "5"]
[EventCountry "ENG"]

1. e4 e5 2. Bc4 Nc6 3. Nf3 Nf6 4. d3 h6 5. Nc3 Bc5 6. a3 a6 7. h3 d6 8. Qe2 Be6 9.
Bd2 b5 10. Bd5 Bxd5 11. Nxd5 Nxd5 12. exd5 Ne7 13. c4 O-O 14. O-O Ng6 15. cxb5 axb5
16. d4 Ba7 17. dxe5 dxe5 18. Qxb5 e4 19. Nh2 Rb8 20. Qa4 Qxd5 21. Rad1 Qb7 22. b4
Ne5 23. Qb3 Nd3 24. Ng4 Rbd8 25. Be3 h5 26. Nh2 Bxe3 27. fxe3 Qb6 28. Kh1 Qxe3 29.
Qc2 Nf2+ 30. Rxf2 Rxd1+ 31. Nf1 Qe1 32. Kh2 e3 33. Rf5 e2 34. Rxh5 exf1=N+  0-1

[Event "29th 4NCL Congress"]
[Site "Harrogate"]
[Date "2023.01.22"]
[Round "5"]
[Board "7"]
[White "Williamson, Roger G"]
[Black "Kryshtafor, Maksym"]
[Result "1-0"]
[WhiteElo "2215"]
[BlackElo "1737"]
[PlyCount "117"]
[EventDate "2023.01.20"]
[EventRounds "5"]
[EventCountry "ENG"]

1. e4 e5 2. Nf3 Nc6 3. Bb5 a6 4. Ba4 Nf6 5. O-O Nxe4 6. d4 b5 7. Bb3 d5 8. dxe5 Be6
9. Qe2 Nc5 10. Rd1 Nxb3 11. cxb3 Be7 12. Nc3 O-O 13. Be3 Bb4 14. Rac1 Bxc3 15. Rxc3
Ne7 16. Bc5 h6 17. Nd4 Re8 18. Bxe7 Qxe7 19. Rdc1 Rac8 20. Nc6 Qg5 21. Qe3 Qg4 22.
f3 Qh4 23. Qd4 Qg5 24. f4 Qg6 25. Qf2 Qe4 26. Re1 Qg6 27. b4 Bf5 28. Nd4 Bd7 29.
f5 Qb6 30. Rc5 Rcd8 31. e6 fxe6 32. fxe6 Bxe6 33. Rc6 Qb7 34. Rcxe6 Rf8 35. Qe3 a5
36. Re7 Qb6 37. Ne6 Qxe3+ 38. Rxe3 d4 39. Rg3 g5 40. Nxd8 Rxd8 41. Rd3 c6 42. Re4
axb4 43. Rexd4 Rxd4 44. Rxd4 c5 45. Rd5 c4 46. Rxb5 c3 47. Rxb4 c2 48. Rc4 c1=Q+
49. Rxc1 Kf7 50. Rc6 h5 51. a4 g4 52. a5 g3 53. a6 gxh2+ 54. Kxh2 h4 55. a7 h3 56.
g4 Ke7 57. a8=Q Kd7 58. Qb7+ Kd8 59. Rc8#  1-0

[Event "29th 4NCL Congress"]
[Site "Harrogate"]
[Date "2023.01.22"]
[Round "5"]
[Board "8"]
[White "Walker, Martin G"]
[Black "Shearsby, Jude"]
[Result "1/2-1/2"]
[WhiteElo "2182"]
[BlackElo "2065"]
[PlyCount "37"]
[EventDate "2023.01.20"]
[EventRounds "5"]
[EventCountry "ENG"]

1. e4 c5 2. Nf3 d6 3. Bb5+ Nd7 4. O-O a6 5. Bxd7+ Bxd7 6. d4 cxd4 7. Qxd4 e5 8. Qd3
Nf6 9. a4 Rc8 10. Nc3 h6 11. a5 Qc7 12. Be3 Qc4 13. Nd2 Qxd3 14. cxd3 Ng4 15. Bb6
Be6 16. Rfc1 Nf6 17. Nf3 Be7 18. Nd5 Kd7 19. Nxe7  1/2-1/2

[Event "29th 4NCL Congress"]
[Site "Harrogate"]
[Date "2023.01.22"]
[Round "5"]
[Board "9"]
[White "Stubbs, Oliver"]
[Black "Longson, Sarah N"]
[Result "1/2-1/2"]
[WhiteElo "2179"]
[BlackElo "2135"]
[PlyCount "89"]
[EventDate "2023.01.20"]
[EventRounds "5"]
[EventCountry "ENG"]

1. d4 d5 2. Nf3 Nf6 3. Bf4 c5 4. e3 Nc6 5. Nbd2 cxd4 6. exd4 Bf5 7. Bb5 Rc8 8. Ne5
Qb6 9. Bxc6+ bxc6 10. Nb3 e6 11. g4 Bg6 12. h4 h6 13. Nxg6 fxg6 14. Qd3 c5 15. Qxg6+
Kd8 16. Bd2 c4 17. Ba5 Bb4+ 18. Bxb4 Qxb4+ 19. c3 Qe7 20. g5 hxg5 21. Nd2 gxh4 22.
O-O-O Rh6 23. Qg5 Nd7 24. Rdg1 Qxg5 25. Rxg5 g6 26. Rg4 Ke7 27. Rgxh4 Rxh4 28. Rxh4
Rf8 29. f3 Rf7 30. b3 cxb3 31. axb3 e5 32. Kd1 exd4 33. Rxd4 Ke6 34. Ke2 Ne5 35.
Ra4 Rc7 36. f4 Nd7 37. c4 Nb6 38. cxd5+ Nxd5 39. Kd3 Rd7 40. Kc2 Rc7+ 41. Kd3 Kf5
42. Ra5 Rd7 43. Kd4 Ke6 44. Ke4 Nxf4 45. Ra6+  1/2-1/2

[Event "29th 4NCL Congress"]
[Site "Harrogate"]
[Date "2023.01.22"]
[Round "5"]
[Board "10"]
[White "Yu, Hongyi"]
[Black "Doran, Chris"]
[Result "1/2-1/2"]
[WhiteElo "2154"]
[BlackElo "2005"]
[PlyCount "46"]
[EventDate "2023.01.20"]
[EventRounds "5"]
[EventCountry "ENG"]

1. e4 c5 2. Nf3 d6 3. d4 cxd4 4. Nxd4 Nf6 5. Nc3 g6 6. Be2 Bg7 7. Be3 Nc6 8. O-O
O-O 9. Qd2 Ng4 10. Bxg4 Bxg4 11. f3 Bd7 12. Nxc6 bxc6 13. Kh1 Qa5 14. Bd4 Bxd4 15.
Qxd4 Qb6 16. Ne2 Rab8 17. Rab1 Qxd4 18. Nxd4 Rb6 19. Rfd1 f6 20. Kg1 Kf7 21. c4 Be6
22. b3 a5 23. Nxe6 Kxe6  1/2-1/2

[Event "29th 4NCL Congress"]
[Site "Harrogate"]
[Date "2023.01.22"]
[Round "5"]
[Board "11"]
[White "McKay, Jonathan"]
[Black "Chan, Sheng Liang Bernard"]
[Result "1/2-1/2"]
[WhiteElo "2009"]
[BlackElo "2142"]
[PlyCount "82"]
[EventDate "2023.01.20"]
[EventRounds "5"]
[EventCountry "ENG"]

1. e4 c5 2. Nf3 d6 3. Bb5+ Bd7 4. Bxd7+ Qxd7 5. c4 Nf6 6. Nc3 Nc6 7. d4 cxd4 8. Nxd4
e6 9. O-O Be7 10. Be3 O-O 11. f3 Rfd8 12. Rc1 d5 13. cxd5 exd5 14. Nxc6 bxc6 15.
exd5 cxd5 16. Bd4 Rac8 17. Rf2 Bc5 18. Rd2 h5 19. Kh1 Bxd4 20. Rxd4 Rc4 21. Rd3 d4
22. Ne2 Rxc1 23. Qxc1 Qe6 24. Rxd4 Re8 25. Rd2 Qxa2 26. Nd4 Qc4 27. Qd1 h4 28. Nf5
Qe6 29. g4 hxg3 30. Nxg3 g6 31. Kg2 Qc6 32. Rd6 Ng4 33. Qd2 Qb7 34. Ne4 Rxe4 35.
Rd8+ Kh7 36. fxe4 Qxe4+ 37. Kg3 Ne3 38. Kf2 Ng4+ 39. Kg1 Ne5 40. Kf2 Ng4+ 41. Kg1
Ne5  1/2-1/2

[Event "29th 4NCL Congress"]
[Site "Harrogate"]
[Date "2023.01.22"]
[Round "5"]
[Board "12"]
[White "Booth, Steven B"]
[Black "Zhu, Yaoyao"]
[Result "0-1"]
[WhiteElo "1956"]
[BlackElo "2056"]
[PlyCount "84"]
[EventDate "2023.01.20"]
[EventRounds "5"]
[EventCountry "ENG"]

1. d4 d5 2. c4 e6 3. Nf3 Nf6 4. Nc3 Be7 5. Bf4 O-O 6. e3 Nbd7 7. c5 c6 8. Bd3 b6
9. b4 a5 10. a3 Ba6 11. Bxa6 Rxa6 12. b5 cxb5 13. c6 Qc8 14. c7 b4 15. Nb5 Ne4 16.
O-O Qb7 17. Qc2 Rc8 18. axb4 Bxb4 19. Rfc1 Ndf6 20. Qc6 Qxc6 21. Rxc6 h6 22. Rac1
a4 23. Na7 Rxa7 24. Rxb6 Bd6 25. Bxd6 Nxd6 26. Rxd6 Raxc7 27. Rd8+ Rxd8 28. Rxc7
Ra8 29. Nd2 Kf8 30. Rc2 Ke7 31. Kf1 Kd6 32. Nb1 Nd7 33. Ke2 Nb6 34. Na3 Nc4 35. Nxc4+
dxc4 36. Rxc4 a3 37. Rc1 a2 38. Ra1 Kd5 39. Kd3 f5 40. Kc3 Ke4 41. Kb2 Kd3 42. h3
h5  0-1

[Event "29th 4NCL Congress"]
[Site "Harrogate"]
[Date "2023.01.22"]
[Round "5"]
[Board "13"]
[White "Fava, Lorenzo"]
[Black "Lampard, Alice"]
[Result "1-0"]
[WhiteElo "2177"]
[BlackElo "1909"]
[PlyCount "111"]
[EventDate "2023.01.20"]
[EventRounds "5"]
[EventCountry "ENG"]

1. d4 Nf6 2. Bf4 d5 3. e3 c5 4. c3 Nc6 5. Bd3 e6 6. Nf3 Bd6 7. Bg3 O-O 8. Nbd2 c4
9. Bb1 Rb8 10. Bh4 Be7 11. Qc2 g6 12. Bg3 Bd6 13. Ne5 Nh5 14. Ndf3 f5 15. Bh4 Be7
16. g4 Nxe5 17. Nxe5 Nf6 18. gxf5 exf5 19. Rg1 Ne4 20. Bxe7 Qxe7 21. Qe2 Qh4 22.
Qf3 Be6 23. Bxe4 fxe4 24. Qg3 Qxg3 25. fxg3 Rf6 26. Rf1 Rbf8 27. Rxf6 Rxf6 28. b3
Bh3 29. Ke2 b5 30. g4 Bg2 31. g5 Ra6 32. b4 Bh3 33. Kd2 Kg7 34. Kc2 h6 35. Kb2 hxg5
36. a4 bxa4 37. Ka3 Rf6 38. Rg1 Rf2 39. Kxa4 Rc2 40. Kb5 Rxc3 41. Kc5 Rxe3 42. Kxd5
c3 43. Ra1 Re2 44. Rxa7+ Kh6 45. Rc7 Rb2 46. Rxc3 Bg2 47. Ng4+ Kh5 48. Ne3 Bf3 49.
Kc5 Be2 50. d5 Ba6 51. d6 Bc8 52. Kd5 Bb7+ 53. Ke5 Rxb4 54. d7 Rb5+ 55. Ke6 Rb6+
56. Ke7  1-0

[Event "29th 4NCL Congress"]
[Site "Harrogate"]
[Date "2023.01.22"]
[Round "5"]
[Board "14"]
[White "Vickery, Jim E"]
[Black "Ther, Mate"]
[Result "0-1"]
[WhiteElo "1889"]
[BlackElo "2167"]
[PlyCount "62"]
[EventDate "2023.01.20"]
[EventRounds "5"]
[EventCountry "ENG"]

1. d4 Nf6 2. Nf3 d5 3. c4 e6 4. Nc3 dxc4 5. e4 Bb4 6. Bg5 h6 7. Bxf6 Qxf6 8. Bxc4
c5 9. e5 Qd8 10. Bb5+ Bd7 11. Bxd7+ Qxd7 12. dxc5 Bxc3+ 13. bxc3 Qxd1+ 14. Rxd1 Nd7
15. c6 bxc6 16. O-O Ke7 17. Rfe1 Rhd8 18. Nd4 Rac8 19. f4 Nb6 20. g3 Rd5 21. Nb3
Rcd8 22. Rd4 Kd7 23. Rc1 Kc7 24. Kf2 a5 25. Ke2 g6 26. Rxd5 Rxd5 27. c4 Rd8 28. a4
Nxa4 29. Nxa5 Nc5 30. Rb1 Ra8 31. Nb3 Ra2+  0-1

[Event "29th 4NCL Congress"]
[Site "Harrogate"]
[Date "2023.01.22"]
[Round "5"]
[Board "15"]
[White "Eagleton, Greg T"]
[Black "Cast, Julian"]
[Result "1/2-1/2"]
[WhiteElo "2091"]
[BlackElo "2015"]
[PlyCount "54"]
[EventDate "2023.01.20"]
[EventRounds "5"]
[EventCountry "ENG"]

1. d4 Nf6 2. c4 e5 3. dxe5 Ng4 4. Bf4 Nc6 5. Nf3 Bb4+ 6. Nc3 Bxc3+ 7. bxc3 Qe7 8.
Qd5 f6 9. exf6 Nxf6 10. Qd3 d6 11. g3 O-O 12. Bg2 Ne4 13. O-O Nc5 14. Qe3 Ne6 15.
Nd4 Nxf4 16. gxf4 Qxe3 17. fxe3 Bd7 18. Nxc6 Bxc6 19. Bxc6 bxc6 20. c5 Rfe8 21. cxd6
cxd6 22. Kf2 Re4 23. Rfd1 d5 24. Rd4 Rae8 25. Rxe4 Rxe4 26. Rb1 Ra4 27. Rb2 Kf7  1/2-1/2

[Event "29th 4NCL Congress"]
[Site "Harrogate"]
[Date "2023.01.22"]
[Round "5"]
[Board "16"]
[White "Bak, Christopher"]
[Black "Rich, Ben S"]
[Result "1-0"]
[WhiteElo "2077"]
[BlackElo "1962"]
[PlyCount "95"]
[EventDate "2023.01.20"]
[EventRounds "5"]
[EventCountry "ENG"]

1. c4 e6 2. Nc3 c5 3. Nf3 Nf6 4. g3 d6 5. Bg2 a6 6. O-O Qc7 7. b3 Bd7 8. d4 cxd4
9. Qxd4 Nc6 10. Qd2 Ne5 11. a4 Be7 12. Rd1 Nxf3+ 13. Bxf3 Bc6 14. e4 O-O 15. Bb2
Rfd8 16. Qe2 Nd7 17. Bg2 Qb6 18. Nd5 Bxd5 19. exd5 e5 20. Rdb1 Rac8 21. Bc1 f5 22.
Be3 Qc7 23. Bh3 g6 24. f3 Bf6 25. Ra2 Rf8 26. Rc2 Rce8 27. c5 e4 28. f4 dxc5 29.
b4 Qd6 30. bxc5 Qxd5 31. Rd2 Qc6 32. Rd6 Qc7 33. Qd1 Nxc5 34. Qd5+ Qf7 35. Bxc5 Rc8
36. Rd1 Rfe8 37. Rxf6 Qxd5 38. Rxd5 e3 39. Kf1 e2+ 40. Ke1 Re4 41. Rfd6 Rxa4 42.
Rd8+ Rxd8 43. Rxd8+ Kf7 44. Bg2 b5 45. Bd5+ Kf6 46. Rd7 g5 47. Be7+ Kg6 48. Bxg5
 1-0

[Event "29th 4NCL Congress"]
[Site "Harrogate"]
[Date "2023.01.22"]
[Round "5"]
[Board "17"]
[White "Stokes, Michael"]
[Black "Siddharth, Gopakumar"]
[Result "0-1"]
[WhiteElo "1995"]
[BlackElo "2018"]
[PlyCount "118"]
[EventDate "2023.01.20"]
[EventRounds "5"]
[EventCountry "ENG"]

1. e4 c5 2. d4 cxd4 3. c3 dxc3 4. Nxc3 Nc6 5. Nf3 e6 6. Bc4 Bb4 7. O-O Nge7 8. e5
O-O 9. Qe2 Ng6 10. Bd2 a6 11. Rac1 b5 12. Bd3 Bb7 13. h4 Nxh4 14. Bxh7+ Kxh7 15.
Ng5+ Kg6 16. Qg4 Nxe5 17. Qxh4 Rh8 18. Qg3 Qb8 19. Nf3+ Kh7 20. Nxe5 Kg8 21. Bf4
Bd6 22. Ng6 Bxf4 23. Nxf4 Bc6 24. Rfe1 Qb7 25. Qg5 f6 26. Qg4 Rh6 27. Nce2 Kf7 28.
Nd4 Rah8 29. Kf1 Bd5 30. b3 g5 31. Nh3 Rh4 32. Qg3 Rxd4 33. f3 Bc6 34. Rc5 Rd5 35.
Rec1 Qb8 36. Qf2 Qd6 37. Rxd5 Qxd5 38. Qe2 g4 39. Ng1 gxf3 40. gxf3 b4 41. Ke1 Rh1
42. Qe3 Qg5 43. Qxg5 fxg5 44. Kf2 Rh2+ 45. Ke3 Rxa2 46. Ne2 Ra3 47. Rb1 Bd5 48. Nd4
e5 49. Nc2 Rxb3+ 50. Rxb3 Bxb3 51. Nxb4 a5 52. Nd3 d6 53. Kd2 Bd5 54. Ne1 a4 55.
Ke3 Bb3 56. Kd3 Kf6 57. Kc3 Kf5 58. Ng2 Bd5 59. Ne3+ Ke6  0-1

[Event "29th 4NCL Congress"]
[Site "Harrogate"]
[Date "2023.01.22"]
[Round "5"]
[Board "18"]
[White "Mosnegutu, Klauss"]
[Black "Kumar, Jamie"]
[Result "1-0"]
[WhiteElo "2220"]
[BlackElo "1902"]
[PlyCount "167"]
[EventDate "2023.01.20"]
[EventRounds "5"]
[EventCountry "ENG"]

1. d4 Nf6 2. c4 b6 3. Nc3 Bb7 4. Bg5 e6 5. f3 d5 6. cxd5 exd5 7. e3 Be7 8. Bb5+ c6
9. Bd3 O-O 10. Nh3 c5 11. O-O cxd4 12. exd4 Ba6 13. Bxa6 Nxa6 14. Re1 Nc7 15. Qb3
Ne6 16. Rxe6 fxe6 17. Nf4 Qd7 18. Re1 h6 19. Bxf6 Bxf6 20. Nxe6 Rfe8 21. Nxd5 Bxd4+
22. Kf1 Kh8 23. Ndc7 Rxe6 24. Nxe6 Bf6 25. Nf4 Qd2 26. Ng6+ Kh7 27. Ne5 Bxe5 28.
Rxe5 Rc8 29. Re2 Qc1+ 30. Kf2 Qc5+ 31. Qe3 Qxe3+ 32. Rxe3 Rc2+ 33. Re2 Rc5 34. g4
Ra5 35. b3 h5 36. h3 Rc5 37. Kg3 hxg4 38. hxg4 a5 39. Re6 Rb5 40. Re4 Rd5 41. Kf4
Rd2 42. a4 Rd3 43. Re3 Rd4+ 44. Ke5 Rb4 45. f4 b5 46. axb5 Rxb5+ 47. Ke6 Rb4 48.
Kf5 a4 49. bxa4 Rxa4 50. Rh3+ Kg8 51. g5 Ra5+ 52. Kg6 Ra6+ 53. Kh5 Kf7 54. Rb3 Ra7
55. Rb6 Rc7 56. f5 Ra7 57. g6+ Kf8 58. Kg5 Ra1 59. Rb8+ Ke7 60. Rb7+ Kf8 61. Rf7+
Kg8 62. Re7 Kf8 63. Re4 Rg1+ 64. Rg4 Ra1 65. Rg2 Rb1 66. Rf2 Rg1+ 67. Kf4 Ra1 68.
Rd2 Rf1+ 69. Ke5 Re1+ 70. Kd6 Ra1 71. Rd5 Ra6+ 72. Ke5 Ke7 73. Rb5 Ra7 74. Kf4 Ra4+
75. Kg5 Ra1 76. f6+ gxf6+ 77. Kh6 Rh1+ 78. Kg7 Rh2 79. Rb7+ Ke6 80. Rb6+ Ke7 81.
Rxf6 Rh1 82. Rf3 Re1 83. Rh3 Re2 84. Kh8  1-0

[Event "29th 4NCL Congress"]
[Site "Harrogate"]
[Date "2023.01.22"]
[Round "5"]
[Board "19"]
[White "De Coverly, Roger D"]
[Black "Skettos, Nicolas"]
[Result "1/2-1/2"]
[WhiteElo "1971"]
[BlackElo "2083"]
[PlyCount "161"]
[EventDate "2023.01.20"]
[EventRounds "5"]
[EventCountry "ENG"]

1. d4 d5 2. c4 dxc4 3. e3 e5 4. Nf3 exd4 5. Bxc4 Bb4+ 6. Bd2 Bxd2+ 7. Qxd2 Nf6 8.
Nxd4 a6 9. a4 O-O 10. O-O Nbd7 11. Nf3 Nb6 12. Bb3 Bf5 13. Nc3 Qxd2 14. Nxd2 Bd3
15. Rfe1 Rfd8 16. Nf3 Nc4 17. Bxc4 Bxc4 18. e4 Bb3 19. h3 c5 20. e5 Nd5 21. Ne4 Rac8
22. Nfd2 Bc2 23. Nd6 Rb8 24. a5 f6 25. N2c4 Bb3 26. e6 Kf8 27. f4 Bxc4 28. Nxc4 Ke7
29. f5 g6 30. g4 gxf5 31. gxf5 Nf4 32. Re3 Rd5 33. Nb6 Rxf5 34. Rd1 Re5 35. Rd7+
Kxe6 36. Rxe5+ fxe5 37. Rxh7 Nd3 38. Rc7 e4 39. Kf1 Kd6 40. Rd7+ Kc6 41. Re7 Nxb2
42. Rxe4 Kb5 43. Re2 Nc4 44. Nxc4 Kxc4 45. Rb2 Kc3 46. Rb6 c4 47. Ke1 Kc2 48. Re6
Rh8 49. Re2+ Kb3 50. Re7 Rb8 51. Kd1 Kb4 52. Re5 Rh8 53. Re7 Rxh3 54. Rxb7+ Kxa5
55. Kc2 Ka4 56. Rc7 Kb5 57. Rb7+ Kc6 58. Rb8 a5 59. Rc8+ Kd5 60. Rd8+ Kc5 61. Rc8+
Kb4 62. Rb8+ Ka3 63. Rc8 Rh4 64. Rc7 a4 65. Rb7 Ka2 66. Rb2+ Ka3 67. Rb7 Rh3 68.
Rc7 Rh2+ 69. Kc3 Rh1 70. Kc2 Rh2+ 71. Kc3 Rh3+ 72. Kc2 Ka2 73. Rxc4 a3 74. Rc7 Rh2+
75. Kc1 Rh1+ 76. Kc2 Rb1 77. Ra7 Rb8 78. Rc7 Ka1 79. Kc1 a2 80. Rc6 Rc8 81. Rxc8
 1/2-1/2

[Event "29th 4NCL Congress"]
[Site "Harrogate"]
[Date "2023.01.22"]
[Round "5"]
[Board "20"]
[White "Hilton, Tim"]
[Black "Erskine-Pereira, Jack"]
[Result "1/2-1/2"]
[WhiteElo "2006"]
[BlackElo "1978"]
[PlyCount "52"]
[EventDate "2023.01.20"]
[EventRounds "5"]
[EventCountry "ENG"]

1. d4 e6 2. e4 d5 3. e5 c5 4. c3 Nc6 5. Nf3 Bd7 6. Bd3 cxd4 7. O-O Nge7 8. Re1 Ng6
9. a3 dxc3 10. Nxc3 a6 11. b4 Rc8 12. Na4 Na7 13. Be3 Bxa4 14. Qxa4+ Nc6 15. Rac1
Be7 16. Bxa6 Ra8 17. Rxc6 bxc6 18. Qxc6+ Kf8 19. Rc1 h6 20. Bc5 Kg8 21. b5 Kh7 22.
Bb7 Ra4 23. Bd6 Bg5 24. Bc7 Qe7 25. Bd6 Qd8 26. Bc7 Qe7  1/2-1/2

[Event "29th 4NCL Congress"]
[Site "Harrogate"]
[Date "2023.01.22"]
[Round "5"]
[Board "21"]
[White "Wynarczyk, Raymond"]
[Black "Mesesan, Mircea-Marius"]
[Result "0-1"]
[WhiteElo "1867"]
[BlackElo "1998"]
[PlyCount "64"]
[EventDate "2023.01.20"]
[EventRounds "5"]
[EventCountry "ENG"]

1. e4 e5 2. Nf3 Nf6 3. Nxe5 d6 4. Nf3 Nxe4 5. Qe2 Qe7 6. d3 Nf6 7. Bg5 Nbd7 8. Nc3
h6 9. Bh4 a6 10. Ne4 g5 11. Bg3 Nxe4 12. dxe4 Bg7 13. c3 Nc5 14. Nd2 Be6 15. f3 Na4
16. e5 dxe5 17. Bxe5 Bxe5 18. Qxe5 f6 19. Qe4 Nc5 20. Qe3 f5 21. Be2 O-O-O 22. b4
Nd3+ 23. Kf1 Nf4 24. Re1 Rhe8 25. g3 Rxd2 26. gxf4 Rxa2 27. fxg5 f4 28. Qe4 Qxg5
29. h4 Qg3 30. Qb1 Bh3+ 31. Rxh3 Qxh3+ 32. Kf2 Rg8  0-1